[Event "Concordia op 6th"]
[Site "Concordia"]
[Date "2022.10.16"]
[Round "9"]
[White "Helbing, Ivacir"]
[Black "Spieker, Otavio Schmidt"]
[Result "1/2-1/2"]
[WhiteElo "1390"]
[BlackElo "1205"]
[PlyCount "46"]
[EventDate "2022.10.12"]
[EventType "swiss"]
[EventRounds "9"]
[EventCountry "BRA"]
[SourceTitle "EXT 2024"]
[Source "ChessBase"]
[SourceDate "2023.10.10"]
[SourceVersion "1"]
[SourceVersionDate "2023.10.10"]
[SourceQuality "1"]

1. e4 e5 2. f4 Bc5 3. Nf3 d6 4. Bc4 Nf6 5. Nc3 Nc6 6. d3 0-0 7. fxe5 dxe5 8. Bg5 h6 9. Bh4 g5 10. Nxg5 hxg5 11. Bxg5 Be7 12. Bxf6 Bxf6 13. 0-0 Na5 14. Qf3 Nxc4 15. dxc4 Bg7 16. Nd5 c6 17. Ne3 Qb6 18. b3 Bh6 19. Rae1 Qd8 20. c5 Be6 21. Nf5 Bxf5 22. Qxf5 Qd4+ 23. Kh1 Rad8 1/2-1/2

[Event "Concordia op 6th"]
[Site "Concordia"]
[Date "2022.10.15"]
[Round "7"]
[White "Helbing, Ivacir"]
[Black "De Oliveira, Jairo Quintiliano"]
[Result "1/2-1/2"]
[WhiteElo "1390"]
[BlackElo "1806"]
[PlyCount "73"]
[EventDate "2022.10.12"]
[EventType "swiss"]
[EventRounds "9"]
[EventCountry "BRA"]
[SourceTitle "CBM 210 Extra"]
[Source "ChessBase"]
[SourceDate "2022.11.30"]
[SourceVersion "1"]
[SourceVersionDate "2022.11.30"]
[SourceQuality "1"]

1. e4 e5 2. f4 exf4 3. Nf3 Be7 4. h4 Nf6 5. Nc3 d5 6. exd5 Nxd5 7. Nxd5 Qxd5 8. Qe2 Nc6 9. Qc4 Qxc4 10. Bxc4 0-0 11. d4 Bg4 12. c3 Bxf3 13. gxf3 Rfe8 14. Kf2 Bd6 15. Bd3 g6 16. Rg1 h5 17. Bd2 Kf8 18. Rae1 Rxe1 19. Rxe1 Re8 20. Rxe8+ Kxe8 21. Kg2 Ke7 22. Be4 Nd8 23. c4 c6 24. c5 Bc7 25. d5 cxd5 26. Bxd5 b6 27. Bb4 Kf6 28. Bc3+ Ke7 29. Bb4 Kd7 30. c6+ Kc8 31. Be7 Ne6 32. b4 a6 33. a4 Bd8 34. Bxd8 Kxd8 35. b5 axb5 36. axb5 Ke7 37. Bxe6 1/2-1/2

[Event "Concordia op 6th"]
[Site "Concordia"]
[Date "2022.10.15"]
[Round "8"]
[White "Moyses Sobrinho, Elias"]
[Black "Helbing, Ivacir"]
[Result "1-0"]
[WhiteElo "1848"]
[BlackElo "1390"]
[PlyCount "87"]
[EventDate "2022.10.12"]
[EventType "swiss"]
[EventRounds "9"]
[EventCountry "BRA"]
[SourceTitle "CBM 210 Extra"]
[Source "ChessBase"]
[SourceDate "2022.11.30"]
[SourceVersion "1"]
[SourceVersionDate "2022.11.30"]
[SourceQuality "1"]

1. d4 Nf6 2. c4 g6 3. Nc3 Bg7 4. e4 d6 5. Nf3 Nbd7 6. Be2 0-0 7. 0-0 e5 8. dxe5 Nxe5 9. Nxe5 dxe5 10. Qxd8 Rxd8 11. Bg5 h6 12. Bxf6 Bxf6 13. Nd5 Bg7 14. Nxc7 Rb8 15. Rfd1 Rd4 16. f3 f5 17. Nb5 Rxd1+ 18. Rxd1 Be6 19. Nc7 Kf7 20. Nxe6 Kxe6 21. Rd5 b6 22. Kf2 Bf8 23. Ke3 Bc5+ 24. Kd3 h5 25. Bd1 fxe4+ 26. Kxe4 Bd4 27. b4 h4 28. f4 Bc3 29. fxe5 Bxb4 30. Bg4+ Ke7 31. Rd7+ Kf8 32. Rxa7 Rd8 33. Bd7 Bc5 34. e6 b5 35. Ra5 Bg1 36. cxb5 Bxh2 37. b6 Rb8 38. Rb5 g5 39. Kf5 Bf4 40. a4 Ke7 41. a5 Be3 42. b7 Rf8+ 43. Kg4 Rb8 44. Bc8 1-0

[Event "Concordia op 6th"]
[Site "Concordia"]
[Date "2022.10.13"]
[Round "4"]
[White "Helbing, Ivacir"]
[Black "Coutinho, Lucas Buss Soares"]
[Result "1-0"]
[WhiteElo "1390"]
[BlackElo "1087"]
[PlyCount "57"]
[EventDate "2022.10.12"]
[EventType "swiss"]
[EventRounds "9"]
[EventCountry "BRA"]
[SourceTitle "CBM 210 Extra"]
[Source "ChessBase"]
[SourceDate "2022.11.30"]
[SourceVersion "1"]
[SourceVersionDate "2022.11.30"]
[SourceQuality "1"]

1. e4 e5 2. f4 exf4 3. Nf3 Nc6 4. d4 g6 5. Bxf4 Bg7 6. e5 Nge7 7. Bc4 d6 8. exd6 cxd6 9. Nc3 0-0 10. 0-0 Be6 11. d5 Qb6+ 12. Kh1 Qb4 13. Bb3 Qxf4 14. dxe6 fxe6 15. Bxe6+ Kh8 16. Nd5 Nxd5 17. Bxd5 Bxb2 18. Rb1 Qf6 19. Nd2 Qg7 20. Rf7 Rxf7 21. Bxf7 Qxf7 22. Rxb2 b6 23. Nf3 Qf6 24. Rb5 Rd8 25. h3 Qe6 26. Rd5 Nb4 27. Qd4+ Kg8 28. Re5 Qc8 29. Re7 1-0

[Event "Concordia op 6th"]
[Site "Concordia"]
[Date "2022.10.13"]
[Round "3"]
[White "Motta, Agahta dos Santos"]
[Black "Helbing, Ivacir"]
[Result "0-1"]
[WhiteElo "1725"]
[BlackElo "1390"]
[PlyCount "86"]
[EventDate "2022.10.12"]
[EventType "swiss"]
[EventRounds "9"]
[EventCountry "BRA"]
[SourceTitle "CBM 210 Extra"]
[Source "ChessBase"]
[SourceDate "2022.11.30"]
[SourceVersion "1"]
[SourceVersionDate "2022.11.30"]
[SourceQuality "1"]

1. d4 Nf6 2. c4 g6 3. Nc3 Bg7 4. e4 d6 5. Nf3 Nbd7 6. g3 0-0 7. Bg2 e5 8. d5 Nc5 9. Qc2 a5 10. 0-0 Nh5 11. Bg5 f6 12. Be3 f5 13. Bg5 Bf6 14. h4 Bxg5 15. Nxg5 h6 16. Nf3 f4 17. Ne2 fxg3 18. fxg3 Bg4 19. a3 Nf6 20. Qd2 Kg7 21. Qe3 Ncxe4 22. Nd2 Bxe2 23. Rf2 Nxf2 24. Qxf2 Bg4 25. Qe3 Qd7 26. Rf1 Bh3 27. Ne4 Nxe4 28. Qxe4 Rxf1+ 29. Kxf1 Bxg2+ 30. Kxg2 Qf5 31. Qxf5 gxf5 32. Kf3 e4+ 33. Ke3 Kf6 34. a4 Rg8 35. Kf2 Ke5 36. h5 f4 37. gxf4+ Kxf4 38. c5 dxc5 39. d6 cxd6 40. b4 cxb4 41. Ke2 Rg3 42. Kf1 Ke3 43. Ke1 Rg1# 0-1

[Event "BRA-ch Regional Sul"]
[Site "Lages"]
[Date "2019.10.19"]
[Round "3"]
[White "Helbing, Ivacir"]
[Black "Da Silva, Kauan Salvagni Tele"]
[Result "1-0"]
[WhiteElo "1423"]
[BlackElo "1018"]
[PlyCount "69"]
[EventDate "2019.10.18"]
[EventType "swiss"]
[EventRounds "5"]
[EventCountry "BRA"]
[SourceTitle "CBM 195 Extra"]
[Source "ChessBase"]
[SourceDate "2020.05.31"]
[SourceVersion "1"]
[SourceVersionDate "2020.05.31"]
[SourceQuality "1"]

1. e4 e6 2. d4 d5 3. exd5 exd5 4. c4 Nf6 5. Nc3 Bb4 6. Bg5 Be6 7. cxd5 Bxd5 8. Nf3 Bxc3+ 9. bxc3 h6 10. Bh4 0-0 11. Be2 Nc6 12. 0-0 Re8 13. Bb5 a6 14. Ba4 Bc4 15. Re1 Rxe1+ 16. Qxe1 Qe8 17. Bxf6 Qxe1+ 18. Rxe1 gxf6 19. Bb3 Bxb3 20. axb3 b5 21. Ra1 b4 22. c4 Ne7 23. Ra5 Kg7 24. Kf1 Kg6 25. Ke2 Nf5 26. Kd3 h5 27. c5 c6 28. Kc4 h4 29. h3 Ne7 30. Kxb4 Nd5+ 31. Kc4 Nf4 32. Nxh4+ Kg5 33. Nf3+ Kf5 34. g4+ Ke4 35. Nd2# 1-0

[Event "BRA-ch Regional Sul"]
[Site "Lages"]
[Date "2019.10.19"]
[Round "4"]
[White "Sabadin, Rosan"]
[Black "Helbing, Ivacir"]
[Result "1-0"]
[WhiteElo "1412"]
[BlackElo "1423"]
[PlyCount "59"]
[EventDate "2019.10.18"]
[EventType "swiss"]
[EventRounds "5"]
[EventCountry "BRA"]
[SourceTitle "CBM 195 Extra"]
[Source "ChessBase"]
[SourceDate "2020.05.31"]
[SourceVersion "1"]
[SourceVersionDate "2020.05.31"]
[SourceQuality "1"]

1. e4 c5 2. Nf3 e6 3. d4 cxd4 4. Nxd4 a6 5. c4 Qc7 6. a3 Nf6 7. Nc3 Nc6 8. b4 b6 9. Be2 Bb7 10. 0-0 Be7 11. f4 d6 12. f5 Nxd4 13. Qxd4 0-0 14. Be3 Rac8 15. Rac1 Nd7 16. fxe6 Bf6 17. exf7+ Rxf7 18. Qd2 Bxc3 19. Qxc3 Rxf1+ 20. Rxf1 Ne5 21. Bd4 Nxc4 22. Qg3 Ne5 23. Qb3+ Kh8 24. Qe6 Bxe4 25. Bxa6 Bb7 26. Bxb7 Qxb7 27. Qxd6 Ng6 28. Bxb6 Kg8 29. Qe6+ Kh8 30. Bc5 1-0

[Event "BRA-ch Regional Sul"]
[Site "Lages"]
[Date "2019.10.18"]
[Round "1"]
[White "Helbing, Ivacir"]
[Black "Acosta, Pablo Alejandro"]
[Result "0-1"]
[WhiteElo "1423"]
[BlackElo "2074"]
[PlyCount "52"]
[EventDate "2019.10.18"]
[EventType "swiss"]
[EventRounds "5"]
[EventCountry "BRA"]
[SourceTitle "CBM 195 Extra"]
[Source "ChessBase"]
[SourceDate "2020.05.31"]
[SourceVersion "1"]
[SourceVersionDate "2020.05.31"]
[SourceQuality "1"]

1. e4 e6 2. d4 d5 3. Nc3 Bb4 4. e5 c5 5. Nf3 Nc6 6. Bb5 Bd7 7. Bxc6 bxc6 8. a3 cxd4 9. Nxd4 Bxc3+ 10. bxc3 Ne7 11. 0-0 c5 12. Nf3 0-0 13. Bg5 f6 14. exf6 gxf6 15. Bh6 Rf7 16. Qd3 Nf5 17. Be3 Qc7 18. Rfe1 Kh8 19. Rab1 Rg8 20. Qa6 Bc6 21. Kh1 d4 22. cxd4 Nxd4 23. Bd2 Rxg2 24. Rb8+ Rg8 25. Rxg8+ Kxg8 26. Rxe6 Bxf3+ 0-1

[Event "Concordia op 5th"]
[Site "Concordia"]
[Date "2019.05.04"]
[Round "8"]
[White "Helbing, Ivacir"]
[Black "Zotti, Ana Beatriz"]
[Result "1/2-1/2"]
[WhiteElo "1440"]
[BlackElo "1270"]
[PlyCount "80"]
[EventDate "2019.05.01"]
[EventType "swiss"]
[EventRounds "9"]
[EventCountry "BRA"]
[SourceTitle "CBM 190 Extra"]
[Source "ChessBase"]
[SourceDate "2019.07.15"]
[SourceVersion "1"]
[SourceVersionDate "2019.07.15"]
[SourceQuality "1"]

1. e4 Nf6 2. Nc3 d6 3. d4 g6 4. Nf3 Bg4 5. Be2 Nbd7 6. h3 Bxf3 7. Bxf3 Qc8 8. 0-0 Bg7 9. Bg5 0-0 10. Re1 e5 11. d5 a6 12. Qd3 Nb6 13. Qe2 Qe8 14. h4 h6 15. Be3 Nbd7 16. Qd2 Kh7 17. Ne2 Qe7 18. Ng3 Ng8 19. h5 Ndf6 20. c4 b6 21. b4 a5 22. a3 Rfb8 23. Rec1 Nd7 24. Rc2 axb4 25. Qxb4 Ra5 26. Bd2 Rba8 27. Qb3 R5a7 28. Bb4 Ngf6 29. a4 Nb8 30. Rca2 Na6 31. hxg6+ fxg6 32. Ra3 Nd7 33. a5 Rb8 34. axb6 Rxb6 35. Qc3 Rxb4 36. Rxa6 Rab7 37. Ra7 Rb1+ 38. Rxb1 Rxb1+ 39. Nf1 Nc5 40. Qa5 Rb7 1/2-1/2

[Event "Remote Jubilee Gr.D email"]
[Site "Remote email"]
[Date "2013.09.02"]
[Round "?"]
[White "Cervenka, Antonin"]
[Black "Helbing, Ivacir"]
[Result "0-1"]
[WhiteElo "1784"]
[BlackElo "1786"]
[PlyCount "32"]
[EventDate "2013.??.??"]
[EventType "tourn (corr)"]
[EventRounds "10"]
[EventCountry "GER"]
[SourceTitle "Corr 2015"]
[Source "ChessBase"]
[SourceDate "2015.07.17"]
[SourceVersion "1"]
[SourceVersionDate "2015.07.17"]
[SourceQuality "1"]

1. e4 e6 2. d4 d5 3. exd5 exd5 4. Be3 Bd6 5. Nf3 Nf6 6. Bd3 0-0 7. h3 Re8 8. 0-0 c6 9. c4 Be6 10. c5 Bc7 11. Nc3 Nbd7 12. b4 b6 13. Bg5 bxc5 14. bxc5 Ba5 15. Ne2 Qc7 16. Nf4 Rab8 0-1

[Event "Remote Jubilee Gr.D email"]
[Site "Remote email"]
[Date "2013.09.02"]
[Round "?"]
[White "Helbing, Ivacir"]
[Black "Schulz, Rainer"]
[Result "0-1"]
[WhiteElo "1786"]
[BlackElo "2316"]
[PlyCount "44"]
[EventDate "2013.??.??"]
[EventType "tourn (corr)"]
[EventRounds "10"]
[EventCountry "GER"]
[SourceTitle "Corr 2015"]
[Source "ChessBase"]
[SourceDate "2015.07.17"]
[SourceVersion "1"]
[SourceVersionDate "2015.07.17"]
[SourceQuality "1"]

1. Nf3 d5 2. g3 g6 3. Bg2 Bg7 4. d4 Nf6 5. 0-0 0-0 6. c4 c6 7. cxd5 cxd5 8. Nc3 Nc6 9. Re1 Ne4 10. e3 e6 11. Nd2 f5 12. Nf3 b6 13. Bd2 Bb7 14. a3 Rc8 15. Rc1 Qd7 16. Nh4 e5 17. Nxe4 fxe4 18. dxe5 Nxe5 19. Rxc8 Qxc8 20. Bc3 Nd3 21. Bxg7 Kxg7 22. Re2 g5 0-1

[Event "Remote Jubilee Gr.D email"]
[Site "Remote email"]
[Date "2013.09.02"]
[Round "?"]
[White "Helbing, Ivacir"]
[Black "Vaz, Mario Augusto Jr"]
[Result "0-1"]
[WhiteElo "1786"]
[BlackElo "2006"]
[PlyCount "40"]
[EventDate "2013.??.??"]
[EventType "tourn (corr)"]
[EventRounds "10"]
[EventCountry "GER"]
[SourceTitle "Corr 2015"]
[Source "ChessBase"]
[SourceDate "2015.07.17"]
[SourceVersion "1"]
[SourceVersionDate "2015.07.17"]
[SourceQuality "1"]

1. e4 d6 2. d4 Nf6 3. Nc3 Nbd7 4. f4 e5 5. Nf3 exd4 6. Qxd4 c6 7. Be3 Be7 8. Bc4 b5 9. Be2 0-0 10. 0-0 a5 11. e5 dxe5 12. fxe5 Bc5 13. Qf4 Nh5 14. Qe4 f5 15. Qxc6 Bxe3+ 16. Kh1 Ra6 17. Qd5+ Kh8 18. Bxb5 Ng3+ 19. hxg3 Rh6+ 20. Nh2 Qg5 0-1

[Event "Remote 4er 0234 email"]
[Site "Remote email"]
[Date "2013.08.15"]
[Round "?"]
[White "Helbing, Ivacir"]
[Black "Pegoraro, Erivaldo"]
[Result "0-1"]
[WhiteElo "1786"]
[BlackElo "2097"]
[PlyCount "50"]
[EventDate "2013.??.??"]
[EventType "tourn (corr)"]
[EventRounds "6"]
[EventCountry "GER"]
[SourceTitle "Corr 2015"]
[Source "ChessBase"]
[SourceDate "2015.07.17"]
[SourceVersion "1"]
[SourceVersionDate "2015.07.17"]
[SourceQuality "1"]

1. Nf3 Nf6 2. d4 d6 3. c4 g6 4. Nc3 Bg7 5. e4 0-0 6. Be2 e5 7. 0-0 Nc6 8. d5 Ne7 9. b4 a5 10. Ba3 axb4 11. Bxb4 Nd7 12. a4 f5 13. a5 Nf6 14. Ng5 Bh6 15. Ne6 Bxe6 16. dxe6 c5 17. Ba3 fxe4 18. Nd5 Nfxd5 19. cxd5 Qxa5 20. Bb2 Qd2 21. Qxd2 Bxd2 22. Bc4 b5 23. Bxb5 Rab8 24. Rfd1 e3 25. fxe3 Bxe3+ 0-1

[Event "Remote 11er 0041 email"]
[Site "Remote email"]
[Date "2012.06.09"]
[Round "?"]
[White "Helbing, Ivacir"]
[Black "Bianchi de Moura, Fabio"]
[Result "0-1"]
[WhiteElo "1795"]
[BlackElo "1857"]
[PlyCount "58"]
[EventDate "2012.??.??"]
[EventType "tourn (corr)"]
[EventRounds "10"]
[EventCountry "GER"]
[SourceTitle "Corr 2015"]
[Source "ChessBase"]
[SourceDate "2015.07.17"]
[SourceVersion "1"]
[SourceVersionDate "2015.07.17"]
[SourceQuality "1"]

1. e4 d6 2. d4 Nf6 3. Nc3 g6 4. f4 c6 5. Nf3 Nbd7 6. e5 dxe5 7. dxe5 Nd5 8. Nxd5 cxd5 9. Qxd5 e6 10. Qb3 Qe7 11. Bb5 Bg7 12. Bd2 Qc5 13. 0-0-0 a6 14. Bxd7+ Bxd7 15. Qxb7 Rc8 16. Bc3 Bb5 17. Qe4 Bc6 18. Qb4 Bxf3 19. gxf3 Bh6 20. Kb1 Qxb4 21. Bxb4 Bxf4 22. Bd6 h5 23. Rd4 g5 24. Ra4 Rc6 25. c4 f6 26. Rb4 Kf7 27. h3 fxe5 28. Rb7+ Kg6 29. b3 Rxd6 0-1

[Event "Remote 11er 0041 email"]
[Site "Remote email"]
[Date "2012.06.09"]
[Round "?"]
[White "Helbing, Ivacir"]
[Black "Santos, Pedro Miguel da Ros"]
[Result "1/2-1/2"]
[WhiteElo "1795"]
[BlackElo "1761"]
[PlyCount "81"]
[EventDate "2012.??.??"]
[EventType "tourn (corr)"]
[EventRounds "10"]
[EventCountry "GER"]
[SourceTitle "Corr 2015"]
[Source "ChessBase"]
[SourceDate "2015.07.17"]
[SourceVersion "1"]
[SourceVersionDate "2015.07.17"]
[SourceQuality "1"]

1. e4 c5 2. Nf3 e6 3. d4 Nc6 4. Nc3 cxd4 5. Nxd4 e5 6. Ndb5 a6 7. Nd6+ Bxd6 8. Qxd6 Qe7 9. Qd1 Nf6 10. Bg5 Qe6 11. Be2 Nd4 12. 0-0 Nxe2+ 13. Qxe2 0-0 14. Bxf6 Qxf6 15. Nd5 Qd8 16. b3 d6 17. c4 Bd7 18. Rad1 b5 19. f4 b4 20. Qd2 a5 21. Qf2 Rb8 22. f5 f6 23. Qh4 a4 24. Rf3 axb3 25. axb3 Rb7 26. Ra1 Bc6 27. Ra6 Bxd5 28. cxd5 Rb6 29. Ra4 Qc7 30. Qe1 Qc5+ 31. Kh1 Rc8 32. h3 Rb7 33. Qe3 Qxe3 34. Rxe3 Kf7 35. g4 g6 36. Ra6 Ke7 37. Kg2 Rc2+ 38. Kg3 Rc3 39. Kf2 Rc2+ 40. Kg3 Rbc7 41. Rb6 1/2-1/2